000 00664nam a2200217 i 4500
001 8174
003 ES-MaACL
005 20230906145409.0
007 t|
008 920302s1987 sp ||||1| spa d
020 _a84-86630-04-5
080 _a091.31(46)
080 _a75.056(46)
100 1 _aWilliams, John.
_9116935
245 1 3 _aLa Miniatura española en la alta edad media /
_cJohn Williams.
260 _aMadrid :
_bCasariego,
_cD.L. 1987.
300 _a40 p. :
_bprincipalmente il ;
_c30 cm.
500 _a1.500 ejemp. num.
650 1 4 _aMiniatura española.
_915061
852 _aES-MaACL
_jL-15411
_bR.120109
_z. - Ejemp. nº 892 de una tirada de 1500
999 _c8174
_d8174